000
003170000a22001450004500
001
005036
003
MACL
040
_a
MACL
090
_c
17029
_d
17028
245
_a
Taj ul Kalam
_b
Shahjehan Begum Nawab
260
_a
Matba Mufeed Aam Agra,
_c
1897
350
_a
2.00
650
_a
Urdu Literature
942
_k
891
_c
Book
999
_c
16919
_d
16919